IFM Opac

Statistical Sampling for Audit and Control (Record no. 20435)

MARC details
000 -LEADER
fixed length control field 00368nam a22001337a 4500
020 ## - INTERNATIONAL STANDARD BOOK NUMBER
International Standard Book Number 0471589918
082 ## - DEWEY DECIMAL CLASSIFICATION NUMBER
Classification number 657.45 MCR
100 ## - MAIN ENTRY--PERSONAL NAME
Personal name McRae T. W
9 (RLIN) 2778
245 ## - TITLE STATEMENT
Title Statistical Sampling for Audit and Control
260 ## - PUBLICATION, DISTRIBUTION, ETC.
Place of publication, distribution, etc. London
Name of publisher, distributor, etc. A Wiley- Interscience Publication
Date of publication, distribution, etc. 1974
300 ## - PHYSICAL DESCRIPTION
Extent xix;279p
Other physical details ill,23cm
500 ## - GENERAL NOTE
General note Inand cludes Reference and Index
942 ## - ADDED ENTRY ELEMENTS (KOHA)
Koha item type Books
Holdings
Withdrawn status Lost status Damaged status Not for loan Collection code Home library Current library Shelving location Date acquired Source of acquisition Total Checkouts Full call number Barcode Date last seen Price effective from Koha item type
        Non-fiction IFM Main Campus Library IFM Main Campus Library Archival Collection 09/29/2021 purchases   657.45 MCR 0000010352 08/21/2019 02/19/2022 Books